[Event "DEM U14 2024"]
[Site "Willingen GER"]
[Date "2024.05.22"]
[Round "6"]
[White "Nechitaylo, Nikita"]
[Black "Nuñez Grégoire, Daniel"]
[Result "1/2-1/2"]
[Termination "normal"]
[Board "4"]
[WhiteTitle "CM"]
[WhiteElo "2212"]
[BlackElo "1961"]
[WhiteClock "00:00:49"]
[BlackClock "00:15:49"]
[PlyCount "115"]
[WhiteFideId "34138161"]
[BlackFideId "34627103"]
[EventCountry "GER"]
[EventRounds "9"]
[EventType "swiss"]
[EventDate "2024.05.18"]

1. e4 {[%clk 01:30:59]} e5 {[%clk 01:30:56]} {[%emt 00:00:04]} 2. Bc4 {[%clk
01:31:27]} {[%emt 00:00:03]} Nf6 {[%clk 01:31:19]} {[%emt 00:00:07]} 3. d3
{[%clk 01:31:53]} {[%emt 00:00:03]} Nc6 {[%clk 01:31:28]} {[%emt 00:00:21]} 4.
Nc3 {[%clk 01:32:19]} {[%emt 00:00:04]} Bc5 {[%clk 01:31:39]} {[%emt 00:00:19]}
5. f4 {[%clk 01:32:42]} {[%emt 00:00:07]} d6 {[%clk 01:30:19]} {[%emt
00:01:50]} 6. Nf3 {[%clk 01:32:00]} {[%emt 00:01:12]} h6 {[%clk 01:26:47]}
{[%emt 00:04:02]} 7. Na4 {[%clk 01:30:06]} {[%emt 00:02:24]} Bb6 {[%clk
01:25:58]} {[%emt 00:01:20]} 8. Nxb6 {[%clk 01:30:05]} {[%emt 00:00:30]} axb6
{[%clk 01:26:10]} {[%emt 00:00:18]} 9. fxe5 {[%clk 01:28:36]} {[%emt 00:01:59]}
dxe5 {[%clk 01:20:09]} {[%emt 00:06:31]} 10. a3 {[%clk 01:27:12]} {[%emt
00:01:54]} Qe7 {[%clk 01:20:08]} {[%emt 00:00:31]} 11. Bd2 {[%clk 01:11:29]}
{[%emt 00:16:13]} Na5 {[%clk 01:14:15]} {[%emt 00:06:23]} 12. Ba2 {[%clk
01:05:47]} {[%emt 00:06:12]} Be6 {[%clk 01:11:07]} {[%emt 00:03:37]} 13. b4
{[%clk 01:02:00]} {[%emt 00:04:18]} Nc6 {[%clk 01:10:00]} {[%emt 00:01:38]} 14.
b5 {[%clk 00:41:35]} {[%emt 00:20:54]} Nd4 {[%clk 00:59:02]} {[%emt 00:11:28]}
15. Bb4 {[%clk 00:38:48]} {[%emt 00:03:17]} Nxf3+ {[%clk 00:59:10]} {[%emt
00:00:22]} 16. Qxf3 {[%clk 00:39:06]} {[%emt 00:00:11]} Qd7 {[%clk 00:58:37]}
{[%emt 00:01:03]} 17. Qg3 {[%clk 00:28:02]} {[%emt 00:11:34]} Bxa2 {[%clk
00:58:31]} {[%emt 00:00:37]} 18. Rxa2 {[%clk 00:18:52]} {[%emt 00:09:41]} Qe6
{[%clk 00:47:53]} {[%emt 00:11:07]} 19. Ra1 {[%clk 00:17:36]} {[%emt 00:01:46]}
O-O-O {[%clk 00:46:19]} {[%emt 00:02:04]} 20. O-O {[%clk 00:16:38]} {[%emt
00:01:28]} Nh5 {[%clk 00:45:16]} {[%emt 00:01:34]} 21. Qf3 {[%clk 00:16:38]}
{[%emt 00:00:30]} Nf4 {[%clk 00:44:52]} {[%emt 00:00:54]} 22. Bd2 {[%clk
00:16:33]} {[%emt 00:00:35]} g5 {[%clk 00:44:23]} {[%emt 00:00:59]} 23. a4
{[%emt 00:10:16]} h5 {[%clk 00:37:32]} {[%emt 00:00:11]} 24. a5 {[%clk
00:13:09]} {[%emt 00:01:18]} h4 {[%clk 00:36:11]} {[%emt 00:01:51]} 25. axb6
{[%clk 00:10:36]} {[%emt 00:03:04]} cxb6 {[%clk 00:34:38]} {[%emt 00:02:02]}
26. Bxf4 {[%clk 00:09:06]} {[%emt 00:02:00]} gxf4 {[%clk 00:34:16]} {[%emt
00:00:52]} 27. d4 {[%clk 00:09:11]} {[%emt 00:00:25]} f6 {[%clk 00:29:57]}
{[%emt 00:04:48]} 28. Qc3+ {[%clk 00:06:39]} {[%emt 00:03:02]} Kb8 {[%clk
00:28:37]} {[%emt 00:01:50]} 29. d5 {[%clk 00:06:57]} {[%emt 00:00:12]} Qc8
{[%clk 00:20:46]} {[%emt 00:08:21]} 30. Rf3 {[%clk 00:04:52]} {[%emt 00:02:36]}
Qxc3 {[%clk 00:20:38]} {[%emt 00:00:37]} 31. Rxc3 {[%clk 00:05:17]} {[%emt
00:00:05]} f5 {[%clk 00:20:51]} {[%emt 00:00:17]} 32. exf5 {[%clk 00:04:17]}
{[%emt 00:01:31]} Rxd5 {[%clk 00:20:52]} {[%emt 00:00:29]} 33. Rca3 {[%clk
00:04:46]} Kc7 {[%clk 00:20:10]} {[%emt 00:01:12]} 34. c4 {[%clk 00:03:22]}
{[%emt 00:01:54]} Rdd8 {[%clk 00:18:02]} {[%emt 00:02:37]} 35. Re1 {[%clk
00:02:37]} {[%emt 00:01:16]} Rde8 {[%emt 00:03:38]} 36. Rd3 {[%clk 00:02:17]}
Rhf8 {[%clk 00:16:56]} {[%emt 00:00:15]} 37. Rh3 {[%clk 00:02:32]} {[%emt
00:00:02]} Rxf5 {[%clk 00:16:47]} {[%emt 00:00:04]} 38. Rxh4 {[%clk 00:03:00]}
Re7 {[%clk 00:16:10]} {[%emt 00:00:58]} 39. Re4 {[%clk 00:02:16]} {[%emt
00:01:14]} Rg7 {[%clk 00:14:57]} {[%emt 00:01:43]} 40. Kf2 {[%emt 00:05:31]}
Rfg5 {[%clk 00:13:17]} {[%emt 00:00:05]} 41. Kf3 {[%clk 00:29:46]} {[%emt
00:00:14]} Kd6 {[%clk 00:41:42]} {[%emt 00:01:55]} 42. Rh6+ {[%clk 00:26:39]}
{[%emt 00:03:37]} R7g6 {[%clk 00:40:01]} {[%emt 00:02:11]} 43. Rh7 {[%clk
00:23:42]} {[%emt 00:03:27]} Rg7 {[%clk 00:39:47]} {[%emt 00:00:45]} 44. Rxg7
{[%clk 00:23:11]} {[%emt 00:01:01]} Rxg7 {[%clk 00:40:15]} {[%emt 00:00:01]}
45. Re2 {[%clk 00:22:06]} {[%emt 00:01:35]} Rh7 {[%clk 00:39:49]} {[%emt
00:00:56]} 46. g3 {[%clk 00:12:01]} {[%emt 00:10:35]} fxg3 {[%clk 00:39:53]}
{[%emt 00:00:26]} 47. hxg3 {[%clk 00:12:23]} {[%emt 00:00:07]} Rf7+ {[%clk
00:39:24]} {[%emt 00:01:00]} 48. Kg2 {[%clk 00:09:34]} {[%emt 00:03:19]} Ke6
{[%clk 00:36:14]} {[%emt 00:03:40]} 49. Re4 {[%clk 00:08:56]} {[%emt 00:01:07]}
Kf5 {[%clk 00:36:06]} {[%emt 00:00:39]} 50. Rh4 {[%clk 00:02:43]} {[%emt
00:06:43]} Kg5 {[%clk 00:34:50]} {[%emt 00:01:46]} 51. Re4 {[%clk 00:00:58]}
{[%emt 00:02:15]} Kf5 {[%clk 00:35:13]} {[%emt 00:00:07]} 52. Rh4 {[%clk
00:00:45]} {[%emt 00:00:44]} Kg5 {[%clk 00:35:30]} {[%emt 00:00:12]} 53. Rh8
{[%clk 00:01:05]} {[%emt 00:00:10]} Rc7 {[%clk 00:33:25]} {[%emt 00:02:35]} 54.
Rg8+ {[%clk 00:00:47]} {[%emt 00:00:48]} Kf5 {[%clk 00:33:38]} {[%emt
00:00:17]} 55. Rf8+ {[%clk 00:01:06]} {[%emt 00:00:11]} Kg5 {[%clk 00:15:10]}
{[%emt 00:18:58]} 56. Rg8+ {[%clk 00:01:23]} {[%emt 00:00:14]} Kf5 {[%clk
00:15:32]} {[%emt 00:00:07]} 57. Rf8+ {[%clk 00:01:46]} {[%emt 00:00:07]} Kg5
{[%clk 00:15:49]} {[%emt 00:00:16]} 58. Rg8+ {[%clk 00:00:49]} {[%emt
00:01:24]} 1/2-1/2

[Event "DEM U14 2024"]
[Site "Willingen GER"]
[Date "2024.05.22"]
[Round "6"]
[White "Neuhoff, Laertes"]
[Black "Mandalka, Justus"]
[Result "1-0"]
[Termination "normal"]
[Board "5"]
[WhiteElo "2089"]
[BlackElo "1837"]
[WhiteClock "00:10:07"]
[BlackClock "00:17:40"]
[PlyCount "65"]
[WhiteFideId "16279719"]
[BlackFideId "16298144"]
[EventCountry "GER"]
[EventRounds "9"]
[EventType "swiss"]
[EventDate "2024.05.18"]

1. e4 {[%clk 01:30:55]} {[%emt 00:00:04]} c5 {[%clk 01:30:56]} {[%emt
00:00:04]} 2. Nf3 {[%clk 01:31:23]} {[%emt 00:00:03]} Nc6 {[%clk 01:31:19]}
{[%emt 00:00:07]} 3. d4 {[%clk 01:31:50]} {[%emt 00:00:02]} cxd4 {[%clk
01:31:45]} {[%emt 00:00:05]} 4. Nxd4 {[%clk 01:32:16]} {[%emt 00:00:04]} g6
{[%clk 01:32:10]} {[%emt 00:00:05]} 5. c4 {[%clk 01:32:40]} {[%emt 00:00:06]}
Nf6 {[%clk 01:32:36]} {[%emt 00:00:04]} 6. Nc3 {[%clk 01:33:06]} {[%emt
00:00:04]} d6 {[%clk 01:33:02]} {[%emt 00:00:03]} 7. f3 {[%clk 01:33:10]}
{[%emt 00:00:26]} Nxd4 {[%clk 01:33:14]} {[%emt 00:00:19]} 8. Qxd4 {[%clk
01:33:29]} {[%emt 00:00:11]} Bg7 {[%clk 01:33:40]} {[%emt 00:00:03]} 9. Be3
{[%clk 01:33:51]} {[%emt 00:00:09]} O-O {[%clk 01:34:06]} {[%emt 00:00:04]} 10.
Qd2 {[%clk 01:33:39]} {[%emt 00:00:41]} a5 {[%clk 01:34:18]} {[%emt 00:00:19]}
11. b3 {[%clk 01:26:20]} {[%emt 00:07:49]} Bd7 {[%clk 01:31:37]} {[%emt
00:03:11]} 12. Be2 {[%clk 01:25:35]} {[%emt 00:01:15]} Bc6 {[%clk 01:31:48]}
{[%emt 00:00:19]} 13. O-O {[%clk 01:24:24]} {[%emt 00:01:41]} Nd7 {[%clk
01:31:35]} {[%emt 00:00:43]} 14. Rac1 {[%clk 01:12:01]} {[%emt 00:12:51]} Nc5
{[%clk 01:31:16]} {[%emt 00:00:49]} 15. Rfd1 {[%clk 01:05:03]} {[%emt
00:07:28]} Qc7 {[%clk 01:28:47]} {[%emt 00:03:00]} 16. Nd5 {[%clk 00:55:08]}
{[%emt 00:10:25]} Bxd5 {[%clk 01:28:15]} {[%emt 00:01:03]} 17. cxd5 {[%clk
00:55:23]} {[%emt 00:00:14]} Rfc8 {[%clk 01:23:42]} {[%emt 00:05:03]} 18. h4
{[%clk 00:47:31]} {[%emt 00:08:22]} Qd7 {[%clk 01:16:50]} {[%emt 00:07:23]} 19.
h5 {[%clk 00:46:32]} {[%emt 00:01:28]} b6 {[%clk 01:12:08]} {[%emt 00:05:12]}
20. h6 {[%clk 00:42:47]} {[%emt 00:04:15]} Be5 {[%clk 01:06:49]} {[%emt
00:05:49]} 21. Bd4 {[%clk 00:41:42]} {[%emt 00:01:36]} Rd8 {[%clk 00:55:48]}
{[%emt 00:11:30]} 22. Qb2 {[%clk 00:32:13]} {[%emt 00:10:00]} f6 {[%clk
00:49:12]} {[%emt 00:07:06]} 23. Bxe5 {[%clk 00:31:09]} {[%emt 00:01:33]} dxe5
{[%clk 00:45:08]} {[%emt 00:04:34]} 24. a3 {[%clk 00:30:35]} {[%emt 00:01:05]}
a4 {[%clk 00:41:08]} {[%emt 00:04:30]} 25. bxa4 {[%emt 00:19:01]} Qd6 {[%clk
00:30:59]} {[%emt 00:00:05]} 26. Bb5 {[%clk 00:23:08]} {[%emt 00:00:17]} Rab8
{[%clk 00:24:55]} {[%emt 00:06:17]} 27. Qb4 {[%clk 00:21:29]} {[%emt 00:02:09]}
Rdc8 {[%clk 00:20:42]} {[%emt 00:04:43]} 28. Bc6 {[%clk 00:20:20]} {[%emt
00:01:40]} Na6 {[%clk 00:19:02]} {[%emt 00:02:10]} 29. Qxd6 {[%clk 00:16:20]}
{[%emt 00:04:30]} exd6 {[%clk 00:19:30]} {[%emt 00:00:02]} 30. Bd7 {[%clk
00:15:46]} {[%emt 00:01:03]} Rxc1 {[%clk 00:19:45]} {[%emt 00:00:16]} 31. Rxc1
{[%clk 00:16:08]} {[%emt 00:00:08]} Nc5 {[%clk 00:20:10]} {[%emt 00:00:04]} 32.
Bc6 {[%clk 00:16:03]} {[%emt 00:00:34]} f5 {[%clk 00:17:40]} {[%emt 00:03:01]}
33. Rb1 {[%clk 00:10:07]} {[%emt 00:06:27]} 1-0

[Event "DEM U14 2024"]
[Site "Willingen GER"]
[Date "2024.05.22"]
[Round "6"]
[White "Mohylnyi, Stepan"]
[Black "Lu, Yunong Elias"]
[Result "1/2-1/2"]
[Termination "normal"]
[Board "6"]
[WhiteElo "2140"]
[BlackElo "1990"]
[WhiteClock "00:04:32"]
[BlackClock "00:10:18"]
[PlyCount "70"]
[WhiteFideId "34127836"]
[BlackFideId "16276426"]
[EventCountry "GER"]
[EventRounds "9"]
[EventType "swiss"]
[EventDate "2024.05.18"]

1. e4 {[%clk 01:30:10]} {[%emt 00:00:49]} c6 {[%clk 01:30:52]} {[%emt
00:00:08]} 2. d4 {[%clk 01:30:32]} {[%emt 00:00:08]} d5 {[%clk 01:31:14]}
{[%emt 00:00:08]} 3. Nc3 {[%clk 01:31:00]} {[%emt 00:00:03]} dxe4 {[%clk
01:31:29]} {[%emt 00:00:15]} 4. Nxe4 {[%clk 01:31:04]} {[%emt 00:00:26]} Nf6
{[%clk 01:31:35]} {[%emt 00:00:23]} 5. Nxf6+ {[%clk 01:31:26]} {[%emt
00:00:09]} exf6 {[%clk 01:31:56]} {[%emt 00:00:08]} 6. c3 {[%clk 01:31:52]}
{[%emt 00:00:04]} Bd6 {[%clk 01:32:16]} {[%emt 00:00:10]} 7. Bd3 {[%clk
01:32:18]} {[%emt 00:00:04]} O-O {[%clk 01:32:37]} {[%emt 00:00:10]} 8. Qc2
{[%clk 01:32:46]} {[%emt 00:00:02]} Re8+ {[%clk 01:32:56]} {[%emt 00:00:10]} 9.
Ne2 {[%clk 01:33:12]} {[%emt 00:00:05]} h5 {[%clk 01:33:19]} {[%emt 00:00:07]}
10. h4 {[%clk 01:32:35]} {[%emt 00:01:07]} Nd7 {[%clk 01:32:47]} {[%emt
00:01:01]} 11. Bd2 {[%clk 01:32:42]} {[%emt 00:00:24]} Nf8 {[%clk 01:32:27]}
{[%emt 00:00:49]} 12. O-O-O {[%clk 01:32:38]} {[%emt 00:00:34]} Ng6 {[%clk
01:24:18]} {[%emt 00:08:39]} 13. f3 {[%clk 01:24:39]} {[%emt 00:08:30]} Qc7
{[%clk 01:17:09]} {[%emt 00:07:38]} 14. Rdg1 {[%clk 01:09:23]} {[%emt
00:15:47]} Bh2 {[%clk 01:13:04]} {[%emt 00:04:32]} 15. Re1 {[%clk 01:08:58]}
{[%emt 00:00:58]} Be6 {[%clk 01:09:35]} {[%emt 00:03:58]} 16. Bxg6 {[%clk
01:08:31]} {[%emt 00:00:58]} fxg6 {[%clk 01:10:00]} {[%emt 00:00:04]} 17. Qxg6
{[%clk 00:56:39]} {[%emt 00:12:22]} Bf7 {[%clk 00:59:42]} {[%emt 00:10:47]} 18.
Qd3 {[%clk 00:46:41]} {[%emt 00:10:29]} Bg3 {[%clk 00:59:27]} {[%emt 00:00:44]}
19. Ref1 {[%clk 00:42:35]} {[%emt 00:04:37]} b5 {[%clk 00:56:45]} {[%emt
00:03:10]} 20. b3 {[%clk 00:39:45]} {[%emt 00:03:21]} Bd6 {[%clk 00:47:33]}
{[%emt 00:09:39]} 21. Kb1 {[%clk 00:24:59]} {[%emt 00:15:20]} c5 {[%clk
00:46:16]} {[%emt 00:01:46]} 22. Nc1 {[%clk 00:22:17]} {[%emt 00:03:12]} c4
{[%clk 00:46:23]} {[%emt 00:00:23]} 23. Qc2 {[%clk 00:22:29]} {[%emt 00:00:18]}
a5 {[%clk 00:40:02]} {[%emt 00:06:52]} 24. g4 {[%clk 00:20:06]} {[%emt
00:02:52]} hxg4 {[%clk 00:38:48]} {[%emt 00:01:44]} 25. h5 {[%clk 00:15:13]}
{[%emt 00:06:14]} gxf3 {[%clk 00:31:35]} {[%emt 00:06:51]} 26. h6 {[%clk
00:15:19]} {[%emt 00:00:26]} g6 {[%clk 00:29:50]} {[%emt 00:02:15]} 27. Rhg1
{[%clk 00:12:53]} {[%emt 00:02:55]} Kh8 {[%clk 00:26:23]} 28. Ka1 {[%clk
00:09:00]} {[%emt 00:08:21]} cxb3 {[%clk 00:15:19]} 29. axb3 {[%clk 00:08:47]}
{[%emt 00:12:16]} a4 {[%clk 00:15:05]} 30. b4 {[%clk 00:09:08]} {[%emt
00:00:54]} f5 {[%clk 00:11:07]} 31. Rxf3 {[%clk 00:07:07]} {[%emt 00:06:58]}
Re4 {[%clk 00:10:44]} 32. Qd1 {[%clk 00:06:11]} {[%emt 00:04:57]} Qc4 {[%clk
00:10:51]} 33. Bg5 {[%clk 00:05:12]} {[%emt 00:00:14]} Kh7 {[%clk 00:10:25]}
{[%emt 00:00:07]} 34. Qd2 {[%clk 00:04:10]} {[%emt 00:01:21]} Rae8 {[%clk
00:10:18]} {[%emt 00:00:36]} 35. Rf2 {[%clk 00:04:32]} {[%emt 00:00:09]} Rc8
{[%emt 00:07:21]} 1/2-1/2

[Event "DEM U14 2024"]
[Site "Willingen GER"]
[Date "2024.05.22"]
[Round "6"]
[White "Skembris, Simon Max"]
[Black "Burkart, Lloyd Shang"]
[Result "1-0"]
[Termination "normal"]
[Board "7"]
[WhiteElo "2009"]
[BlackElo "2168"]
[WhiteClock "00:27:32"]
[BlackClock "00:07:46"]
[PlyCount "57"]
[WhiteFideId "16281381"]
[BlackFideId "16239059"]
[EventCountry "GER"]
[EventRounds "9"]
[EventType "swiss"]
[EventDate "2024.05.18"]

1. e4 {[%clk 01:30:59]} {[%emt 00:03:38]} c5 {[%clk 01:30:54]} {[%emt
00:00:06]} 2. Nf3 {[%clk 01:31:23]} {[%emt 00:00:05]} e6 {[%clk 01:31:19]}
{[%emt 00:00:05]} 3. d4 {[%clk 01:31:48]} {[%emt 00:00:06]} cxd4 {[%clk
01:31:46]} {[%emt 00:00:03]} 4. Nxd4 {[%clk 01:32:10]} {[%emt 00:00:08]} Nf6
{[%clk 01:32:09]} {[%emt 00:00:06]} 5. Nc3 {[%clk 01:32:33]} {[%emt 00:00:08]}
d6 {[%clk 01:32:32]} {[%emt 00:00:07]} 6. Be2 {[%clk 01:32:09]} {[%emt
00:00:54]} Be7 {[%clk 01:32:39]} {[%emt 00:00:24]} 7. Be3 {[%clk 01:31:27]}
{[%emt 00:01:12]} O-O {[%clk 01:32:27]} {[%emt 00:00:41]} 8. f4 {[%clk
01:30:26]} {[%emt 00:01:30]} e5 {[%clk 01:30:25]} {[%emt 00:02:33]} 9. Nf5
{[%clk 01:27:15]} {[%emt 00:03:42]} Bxf5 {[%clk 01:29:43]} {[%emt 00:01:11]}
10. exf5 {[%clk 01:26:54]} {[%emt 00:00:51]} Nc6 {[%clk 01:26:55]} {[%emt
00:03:17]} 11. Bf3 {[%clk 01:22:11]} {[%emt 00:05:14]} Re8 {[%clk 01:17:42]}
{[%emt 00:09:42]} 12. O-O {[%clk 01:19:31]} {[%emt 00:03:10]} exf4 {[%clk
01:16:52]} {[%emt 00:01:21]} 13. Bxf4 {[%clk 01:18:24]} {[%emt 00:01:38]} Qb6+
{[%clk 01:15:27]} {[%emt 00:01:54]} 14. Kh1 {[%clk 01:18:17]} {[%emt 00:00:37]}
Ne5 {[%clk 01:01:59]} {[%emt 00:13:57]} 15. Nd5 {[%clk 01:14:30]} {[%emt
00:04:19]} Nxd5 {[%clk 01:01:31]} {[%emt 00:00:56]} 16. Bxd5 {[%clk 01:13:31]}
{[%emt 00:01:30]} Rac8 {[%clk 00:55:09]} {[%emt 00:06:51]} 17. b3 {[%clk
01:07:42]} {[%emt 00:06:20]} Bf6 {[%clk 00:53:46]} {[%emt 00:01:52]} 18. c4
{[%clk 01:06:24]} {[%emt 00:01:48]} Qa6 {[%clk 00:43:29]} {[%emt 00:10:47]} 19.
Qh5 {[%clk 01:02:23]} {[%emt 00:04:32]} Rf8 {[%clk 00:36:29]} {[%emt 00:07:29]}
20. Rae1 {[%clk 00:52:10]} {[%emt 00:10:44]} Rc5 {[%clk 00:24:03]} {[%emt
00:12:56]} 21. Bg5 {[%clk 00:38:39]} {[%emt 00:14:00]} Bxg5 {[%clk 00:10:25]}
{[%emt 00:14:09]} 22. Qxg5 {[%clk 00:38:29]} {[%emt 00:00:40]} h6 {[%clk
00:10:46]} {[%emt 00:00:10]} 23. Qg3 {[%clk 00:37:12]} {[%emt 00:01:46]} Kh7
{[%clk 00:09:55]} {[%emt 00:01:20]} 24. f6 {[%clk 00:36:01]} {[%emt 00:01:42]}
g6 {[%clk 00:09:53]} {[%emt 00:00:31]} 25. Rf4 {[%clk 00:34:18]} {[%emt
00:02:14]} Rxd5 {[%clk 00:08:48]} {[%emt 00:01:36]} 26. cxd5 {[%clk 00:30:11]}
{[%emt 00:04:36]} Nd3 {[%clk 00:09:00]} {[%emt 00:00:17]} 27. Rh4 {[%clk
00:29:23]} {[%emt 00:01:19]} h5 {[%clk 00:07:20]} {[%emt 00:02:09]} 28. Rxh5+
{[%clk 00:28:13]} {[%emt 00:01:42]} Kg8 {[%clk 00:07:46]} {[%emt 00:00:04]} 29.
Qh4 {[%clk 00:27:32]} {[%emt 00:01:09]} 1-0

[Event "DEM U14 2024"]
[Site "Willingen GER"]
[Date "2024.05.22"]
[Round "6"]
[White "Herrmann, Arthur"]
[Black "Malinowsky, Levi"]
[Result "1/2-1/2"]
[Termination "normal"]
[Board "8"]
[BlackTitle "CM"]
[WhiteElo "1929"]
[BlackElo "1990"]
[WhiteClock "00:08:14"]
[BlackClock "00:23:50"]
[PlyCount "99"]
[WhiteFideId "16287150"]
[BlackFideId "16253094"]
[EventCountry "GER"]
[EventRounds "9"]
[EventType "swiss"]
[EventDate "2024.05.18"]

1. e4 {[%clk 01:30:56]} {[%emt 00:00:03]} c5 {[%clk 01:30:56]} {[%emt
00:00:05]} 2. Nf3 {[%clk 01:31:20]} {[%emt 00:00:06]} d6 {[%clk 01:31:20]}
{[%emt 00:00:05]} 3. d4 {[%clk 01:31:46]} {[%emt 00:00:05]} cxd4 {[%clk
01:31:45]} {[%emt 00:00:06]} 4. Nxd4 {[%clk 01:32:12]} {[%emt 00:00:04]} Nf6
{[%clk 01:32:07]} {[%emt 00:00:07]} 5. Nc3 {[%clk 01:32:37]} {[%emt 00:00:05]}
a6 {[%clk 01:32:32]} {[%emt 00:00:05]} 6. Bg5 {[%clk 01:33:00]} {[%emt
00:00:07]} Nbd7 {[%clk 01:32:41]} {[%emt 00:00:21]} 7. Bc4 {[%clk 01:33:20]}
{[%emt 00:00:11]} Qb6 {[%clk 01:31:41]} {[%emt 00:01:30]} 8. Bb3 {[%clk
01:33:25]} {[%emt 00:00:24]} e6 {[%clk 01:30:48]} {[%emt 00:01:23]} 9. Qd2
{[%clk 01:32:46]} {[%emt 00:01:10]} Nc5 {[%clk 01:30:00]} {[%emt 00:01:17]} 10.
f3 {[%clk 01:24:59]} {[%emt 00:08:16]} Be7 {[%clk 01:30:01]} {[%emt 00:00:30]}
11. O-O-O {[%clk 01:24:47]} {[%emt 00:00:42]} Qc7 {[%clk 01:27:41]} {[%emt
00:02:50]} 12. Kb1 {[%clk 01:24:31]} {[%emt 00:00:46]} Bd7 {[%clk 01:25:37]}
{[%emt 00:02:34]} 13. Qe2 {[%clk 01:16:48]} {[%emt 00:08:14]} b5 {[%clk
01:23:44]} {[%emt 00:02:21]} 14. a3 {[%clk 01:16:20]} {[%emt 00:00:59]} Nxb3
{[%clk 01:13:32]} {[%emt 00:10:41]} 15. cxb3 {[%clk 01:16:28]} {[%emt
00:00:22]} O-O {[%clk 01:11:27]} {[%emt 00:02:37]} 16. f4 {[%clk 01:01:44]}
{[%emt 00:15:13]} Rfe8 {[%clk 01:08:56]} {[%emt 00:03:00]} 17. b4 {[%clk
00:46:15]} {[%emt 00:16:01]} h6 {[%clk 00:59:55]} {[%emt 00:09:31]} 18. Bxf6
{[%clk 00:36:51]} {[%emt 00:09:53]} Bxf6 {[%clk 00:59:56]} {[%emt 00:00:28]}
19. Qd2 {[%clk 00:31:12]} {[%emt 00:06:10]} Rad8 {[%clk 00:49:49]} {[%emt
00:10:37]} 20. Rhe1 {[%clk 00:23:30]} {[%emt 00:08:12]} Bc8 {[%clk 00:45:32]}
{[%emt 00:04:48]} 21. Qe3 {[%clk 00:18:36]} {[%emt 00:05:23]} Bb7 {[%clk
00:43:57]} {[%emt 00:02:04]} 22. Nb3 {[%clk 00:16:50]} {[%emt 00:02:17]} Qb8
{[%emt 00:10:36]} 23. g3 {[%clk 00:13:33]} {[%emt 00:00:01]} Rc8 {[%clk
00:36:33]} {[%emt 00:01:34]} 24. e5 {[%clk 00:11:48]} {[%emt 00:02:15]} dxe5
{[%clk 00:31:20]} {[%emt 00:05:44]} 25. fxe5 {[%clk 00:12:14]} {[%emt
00:00:04]} Be7 {[%clk 00:30:06]} {[%emt 00:01:41]} 26. Nc5 {[%clk 00:09:58]}
{[%emt 00:02:48]} Red8 {[%clk 00:28:07]} {[%emt 00:02:29]} 27. Rxd8+ {[%clk
00:06:48]} {[%emt 00:03:40]} Rxd8 {[%clk 00:28:00]} {[%emt 00:00:37]} 28. Rf1
{[%clk 00:05:38]} {[%emt 00:01:40]} Qc7 {[%clk 00:26:06]} {[%emt 00:02:24]} 29.
Qf2 {[%clk 00:04:57]} {[%emt 00:01:12]} Rf8 {[%clk 00:26:13]} {[%emt 00:00:21]}
30. Qe3 {[%clk 00:04:52]} {[%emt 00:00:36]} Qc6 {[%clk 00:21:37]} {[%emt
00:05:05]} 31. N3e4 {[%clk 00:03:41]} {[%emt 00:01:42]} a5 {[%clk 00:19:00]}
{[%emt 00:03:07]} 32. Rd1 {[%clk 00:02:54]} {[%emt 00:01:16]} axb4 {[%clk
00:18:14]} {[%emt 00:01:18]} 33. axb4 {[%emt 00:06:37]} Rd8 {[%clk 00:13:50]}
{[%emt 00:00:06]} 34. Rxd8+ {[%clk 00:03:41]} {[%emt 00:00:01]} Bxd8 {[%clk
00:14:19]} 35. Qf4 {[%clk 00:02:05]} {[%emt 00:00:28]} Qd5 {[%clk 00:13:03]}
{[%emt 00:01:45]} 36. Nxb7 {[%clk 00:01:04]} {[%emt 00:01:33]} Qxb7 {[%clk
00:12:51]} {[%emt 00:00:42]} 37. Nd6 {[%clk 00:01:05]} {[%emt 00:00:28]} Qh1+
{[%clk 00:12:03]} {[%emt 00:01:19]} 38. Ka2 {[%emt 00:03:25]} Qd5+ {[%clk
00:11:43]} {[%emt 00:00:04]} 39. Kb1 {[%clk 00:00:41]} {[%emt 00:00:04]} f6
{[%clk 00:11:02]} {[%emt 00:00:10]} 40. exf6 {[%clk 00:00:34]} {[%emt
00:00:19]} Bxf6 {[%clk 00:10:42]} {[%emt 00:00:50]} 41. Ne4 {[%clk 00:25:01]}
{[%emt 00:06:01]} Be5 {[%clk 00:37:56]} {[%emt 00:03:17]} 42. Qe3 {[%clk
00:20:01]} {[%emt 00:05:30]} Qd1+ {[%clk 00:35:29]} {[%emt 00:02:57]} 43. Ka2
{[%clk 00:14:34]} {[%emt 00:05:57]} Qd5+ {[%clk 00:33:39]} {[%emt 00:02:20]}
44. Kb1 {[%clk 00:14:39]} {[%emt 00:00:26]} Qd1+ {[%clk 00:34:03]} {[%emt
00:00:05]} 45. Ka2 {[%clk 00:12:53]} {[%emt 00:02:16]} Qa4+ {[%clk 00:33:53]}
{[%emt 00:00:39]} 46. Qa3 {[%clk 00:12:47]} {[%emt 00:00:37]} Qc2 {[%clk
00:34:03]} {[%emt 00:00:20]} 47. Nc5 {[%clk 00:08:20]} {[%emt 00:04:57]} Qxh2
{[%clk 00:23:54]} {[%emt 00:10:39]} 48. Qa8+ {[%clk 00:08:30]} {[%emt
00:00:20]} Kf7 {[%clk 00:24:17]} {[%emt 00:00:08]} 49. Qb7+ {[%clk 00:08:03]}
{[%emt 00:00:56]} Kg8 {[%clk 00:23:50]} {[%emt 00:00:56]} 50. Qa8+ {[%clk
00:08:14]} {[%emt 00:00:20]} 1/2-1/2